000 00921pam a2200301 a 4500
999 _c6835
_d6835
001 6835
003 BD-JhCC
005 20180130193404.0
008 850213s1985 coub b 001 0 eng
020 _a0813301890 (pbk.) :
_c$13.95
035 _a(BD-JhCC)
040 _aDLC
_cDLC
_dDLC
041 _aeng
050 0 0 _aDS119.8.L4
_bH64 1985
082 0 0 _a956.92
_219
_bHOF 1985
100 1 _aHof, Frederic C.
245 1 0 _aGalilee divided :
_bthe Israel-Lebanon frontier, 1916-1984 /
_cFrederic C. Hof ; foreword by Philip C. Habib.
260 _aBoulder :
_bWestview Press,
_c1985.
300 _axv, 134 p. :
_bmaps ;
_c23 cm.
440 0 _aWestview special studies on the Middle East
500 _aIncludes index.
504 _aBibliography: p. 117-126.
650 _aIsrael , Boundarics
651 0 _aIsrael
_xBoundaries
_zLebanon.
651 0 _aLebanon
_xBoundaries
_zIsrael.
942 _2ddc
_cBK